000 00299nam a22001337a 4500
008 260212b ||||| |||| 00| 0 eng d
020 _a9788861823716
041 _aital
080 _a0.2
100 _a20
101 _aital
245 _aLe Citta Impossibili
_cMaurizio Sandrini
942 _2lcc
_cBK
999 _c60789
_d60789